000 00737nam a2200181Ia 4500
008 100920s9999 xx 000 0 und d
082 _b63245
_a61 थ 86
100 _aपाटणकर मुकुंद सदाशिव.
245 _aसंस्कृतीचे मानकरी (भाग 2).
260 _bसाहित्य प्रसार केंद्र, मुंबई.
_c1986
300 _a80
_bसाधी
365 _b15
520 _aस्थानिक वाचन.
630 _aसंस्कृतीचे मानकरी (भाग 2).
650 _aस्थानिक वाचन.
730 _aसंस्कृतीचे मानकरी (भाग 2).
942 _cBOOK
999 _c706326
_d706323